Armature e armi con indizi - Statistics

Statistiche generali
  • Questo quiz è stato fatto 28 volte
  • Il punteggio medio è 7 su 15
Statistiche sulle risposte
Domanda Risposta % Corretto
Che arma utilizzavano principalmente gli Huscarli danesi e il corpo di guardia variaga? Ascia danese
100%
Quale di queste popolazioni utilizzò prevalentemente il temibile arco lungo durante gli ultimi secoli dell'alto medioevo? Anglosassoni
67%
Chi utilizzava, dopo l'avvento delle armi da fuoco, le armature pesanti a piastre? Fanteria pesante
67%
Per cosa venivano principalmente usate le bolas? Immobilizzare i nemici
67%
Quale di queste armi proviene dal sud-est asiatico, ha la forma di un pugnale e possiede una lunga lama ondulata? Kris malese
67%
Quale di queste armi era uno spadone di dimensioni eccezionali? Zweihander
67%
Quanto poteva arrivare a pesare un'armatura di maglia completa? 20 kg
33%
Quale tipologia di armatura indossavano prevalentemente i vichinghi? Armatura di maglia
33%
Secondo le cronache dei conquistadores, cosa era in grado di fare l'arma in ossidiana precolombiana Macahuitl? Decapitare un cavallo
33%
Quali furono le armi maggiormente impiegate contro le armature pesanti, ad esempio quelle di piastre? Mazze e armi contundenti
33%
Di che materiale era composta la brigantina? Pelle/cuoio
33%
Quale di queste armi ispirò la sua forma al frutto del pandano? Totokia
33%
Quando furono utilizzati i primi modelli di armature di piastre complete? XIV secolo
33%
Di cosa erano composte le armature precolombiane? Lana e cotone
0%
Quale arma inastata ebbe un forte sviluppo nel IX secolo? Nessuna delle precedenti
0%
Nessun quiz corrispondente trovato
Distribuzione punteggi
Percentuale di utenti per punteggio
Percentile per numero di risposta
I tuoi punteggi nel tempo
Non hai fatto questo quiz